000 00419nam a2200169Ia 4500
008 151213s9999 xx 000 0 und d
020 _a0-13-145757-8
100 _aKottler & Keller
245 _aMarketing Management
_cKottler & Keller
250 _a12th
260 _aPrentic Hall
_bPearson
_c2006
300 _a9257 p.
650 _aMarketing
650 _aMarketing
700 _aKottler & Keller
999 _c4723
_d4723